| 000 | 00598nam a2200181Ia 4500 | ||
|---|---|---|---|
| 008 | 100921s9999 xx 000 0 und d | ||
| 082 |
_b37370 _a891.463 न 03 |
||
| 100 | _aयादव आनंद. | ||
| 245 | _aउगवती मने. | ||
| 260 |
_bमेहता प्रकाशन, पुणे. _c2003 |
||
| 300 |
_a155 _bमयुरेष बुक एजन्सी,कराड |
||
| 365 | _b100 | ||
| 520 | _aललित-कथा. | ||
| 630 | _aउगवती मने. | ||
| 650 | _aललित-कथा. | ||
| 730 | _aउगवती मने. | ||
| 942 | _cBOOK | ||
| 999 |
_c786483 _d786480 |
||